000 00810nam a2200229 a 4500
001 000019292
005 20200929165956.0
008 100531s1993 sp a 000 0 spa d
020 _a8478201483
040 _aDO-SdBNP
_bspa
_cBNPHU
082 _a861.44
_bG633a
100 1 _aGómez, Julio Antonio
_d1933-1988
_941490
245 1 0 _aAl oeste del la Kivú, los gorilas se suicidaban en manadas mumerosísimas /
_cJulio Antonio Gómez ; edición y prólogo Antonio Pérez Lasheras.
260 _aZaragoza, España :
_bInstituto Fernando el Católico,
_c1993.
300 _a67 p. :
_bil. ;
_c1993.
490 1 _aSan Jorge
_v66
650 4 _aPoesía española
_9631
650 4 _aLiteratura española
_9632
700 1 _aPérez lasheras, Antonio
_eed.
_941491
830 0 _aSan Jorge ;
_v66
_914367
049 _aBNGR
999 _c18810
_d18810